| 000 | 00484nam a2200181Ia 4500 | ||
|---|---|---|---|
| 008 | 240925s9999 xx 000 0 und d | ||
| 020 | _a70154279 | ||
| 082 | _a620.106 DAU | ||
| 100 | _aDaugherty ,Robert L. | ||
| 245 | 0 | _aFluid Mechanics with Engineering Applications | |
| 250 | _a7th | ||
| 260 |
_aNew York: _bMc Graw HIll _c,1977. |
||
| 300 |
_axxi,787p. _bNA _fPhotocopy |
||
| 500 | _aIncludes Index | ||
| 600 | _aElectrical Engineering | ||
| 650 | _aTechnology | ||
| 942 | _cBK | ||
| 999 |
_c8818 _d8818 |
||